Jama-I-Nizamia Islamia (Record no. 3838)

MARC details
000 -LEADER
fixed length control field 00633nam a2200241 a 4500
020 ## - INTERNATIONAL STANDARD BOOK NUMBER
ISBN
082 00 - DEWEY DECIMAL CLASSIFICATION NUMBER
Classification number 492.75
Author Cutter EDI
100 ## - MAIN ENTRY--AUTHOR NAME
Author name Edidtorial Board Jamia Nizamia,
245 ## - TITLE STATEMENT
Title Jama-I-Nizamia Islamia
260 ## - PUBLICATION, DISTRIBUTION, ETC. (IMPRINT)
Place of publication Hyderabad
Name of publisher Jamia Nizamia-O-Qari Nashargah
Year of publication 1981
300 ## - PHYSICAL DESCRIPTION
Number of Pages 22p
500 ## - GENERAL NOTE
General note includes index and biblioraphy
505 2# - FORMATTED CONTENTS NOTE
Formatted contents note Glossary and Index
650 ## - SUBJECT ADDED ENTRY--TOPICAL TERM
Topical Term Arabic-Course Book
942 ## - ADDED ENTRY ELEMENTS (KOHA)
Koha item type Books
700 1# -
-- Edidtorial Board Jamia Nizamia,
Holdings
Collection code Home library Current library Date acquired Cost, normal purchase price Full call number Accession Number Koha item type
  Henry Martyn Institute Library Henry Martyn Institute Library 06/07/2007 100.00 492.75 EDI 09833 Books
                   Copyright © 2026 | Henry Martyn Institute | Hyderabad | TS-500052 | INDIA | Implemented by hmi.edu.in
Hit-Count:

Powered by Koha